000 00674nam a2200229 a 4500
999 _c1540
_d1540
001 1540
003 BD-JhCC
005 20171021183549.0
008 171021s2005 bg a|||| ||a| 000 0 ben d
020 _a9848557229
035 _a(BD-JhCC)1540
040 _aBD-JhCC
_dBD-JhCC
041 _aben
082 _a954.92
_bBOS 2005
100 _aবসু, স্বপন
245 _aগণ অসন্তোষ ও উনিশ শতকের বঙ্গালি সমাজ /
_cস্বপন বসু,
260 _aঢাকা :
_bসূচীপত্র,
_c2005
300 _a167 p. :
_c24 cm.
650 _aBangladesh
942 _2ddc
_cBK